[Event "Titled Tuesday intern op 7th July"]
[Site "Chess.com INT"]
[Date "2020.07.07"]
[Round "3"]
[White "Yap, Kim Steven"]
[Black "Trakru, Rohun"]
[Result "1-0"]
[WhiteElo "2373"]
[BlackElo "1775"]
[PlyCount "57"]
[EventDate "2020.07.07"]
[EventType "swiss (blitz)"]
[EventRounds "10"]
[EventCountry "USA"]
[SourceTitle "CBM 197 Extra"]
[Source "ChessBase"]
[SourceDate "2020.09.30"]
[SourceVersion "1"]
[SourceVersionDate "2020.09.30"]
[SourceQuality "1"]

1. e4 e6 2. d4 d5 3. e5 c5 4. c3 Qb6 5. a3 Nc6 6. Nf3 c4 7. Nbd2 Bd7 8. b4 a5 9. Bb2 f6 10. Be2 fxe5 11. Nxe5 Nxe5 12. dxe5 Nh6 13. 0-0 g6 14. Rb1 Bg7 15. Bxc4 dxc4 16. Nxc4 Qc7 17. Nd6+ Ke7 18. c4 Nf7 19. Re1 Nxe5 20. c5 Qc6 21. Rxe5 Bxe5 22. Bxe5 Rhg8 23. Qd4 Raf8 24. Qh4+ g5 25. Qxh7+ Kd8 26. Rd1 axb4 27. axb4 b6 28. b5 Qxc5 29. Nb7+ 1-0

[Event "Calchess State"]
[Site "Union City"]
[Date "2018.09.02"]
[Round "3"]
[White "Yap, Kim Steven"]
[Black "Winslow, Elliott C"]
[Result "1-0"]
[WhiteElo "2406"]
[BlackElo "2169"]
[PlyCount "71"]
[EventDate "2018.09.01"]
[EventType "swiss"]
[EventRounds "6"]
[EventCountry "USA"]
[SourceTitle "CBM 186 Extra"]
[Source "ChessBase"]
[SourceDate "2018.08.24"]
[SourceVersion "1"]
[SourceVersionDate "2018.08.24"]
[SourceQuality "1"]

1. e4 d6 2. d4 Nf6 3. Nc3 g6 4. Nf3 Bg7 5. Be2 0-0 6. 0-0 c6 7. a4 Qc7 8. Be3 Nbd7 9. Nd2 b6 10. f4 a6 11. Qe1 Rb8 12. Qh4 b5 13. axb5 axb5 14. g4 b4 15. Nd1 c5 16. d5 e6 17. g5 exd5 18. gxf6 Bxf6 19. Qg3 dxe4 20. Nxe4 d5 21. Nxf6+ Nxf6 22. f5 Qxg3+ 23. hxg3 Bxf5 24. Bxc5 Rfc8 25. Bd4 Ne4 26. Be5 Rb6 27. g4 Be6 28. Nf2 h6 29. Nxe4 dxe4 30. Rfd1 f5 31. Ra7 fxg4 32. Rg7+ Kf8 33. Rxg6 Rxc2 34. Rf1+ Ke8 35. Bd1 Rd2 36. Ba4+ 1-0

[Event "Berkeley Summer GM"]
[Site "Berkeley"]
[Date "2018.08.20"]
[Round "6"]
[White "Holt, Conrad"]
[Black "Yap, Kim Steven"]
[Result "0-1"]
[WhiteElo "2592"]
[BlackElo "2366"]
[PlyCount "78"]
[EventDate "2018.08.17"]
[EventType "tourn"]
[EventRounds "9"]
[EventCountry "USA"]
[EventCategory "8"]
[SourceTitle "CBM 186 Extra"]
[Source "ChessBase"]
[SourceDate "2018.08.24"]
[SourceVersion "1"]
[SourceVersionDate "2018.08.24"]
[SourceQuality "1"]

1. d4 Nf6 2. c4 g6 3. Nc3 d5 4. e3 Bg7 5. Qa4+ c6 6. cxd5 Nxd5 7. Nf3 0-0 8. Be2 c5 9. Qb3 Nb4 10. dxc5 N8a6 11. 0-0 Qa5 12. a3 Be6 13. axb4 Qxa1 14. Bc4 Bxc4 15. Qxc4 Nc7 16. e4 Qa6 17. b5 Qe6 18. Nd5 h6 19. Bf4 Rac8 20. Rd1 a6 21. Bxc7 Rxc7 22. b3 Rcc8 23. bxa6 bxa6 24. c6 Rfd8 25. c7 Rd7 26. Rc1 Qd6 27. Qa4 Rcxc7 28. Rxc7 Qxc7 29. Qxa6 Qc1+ 30. Qf1 Qxf1+ 31. Kxf1 e6 32. Nb4 Rb7 33. Nd3 Rxb3 34. Ke2 Ra3 35. Nfe1 Ra2+ 36. Ke3 Bc3 37. Nf3 Ba5 38. Nfe5 Bb6+ 39. Kf3 Rd2 0-1

[Event "Berkeley Summer GM"]
[Site "Berkeley"]
[Date "2018.08.20"]
[Round "7"]
[White "Yap, Kim Steven"]
[Black "Sheng, Joshua"]
[Result "1-0"]
[WhiteElo "2366"]
[BlackElo "2415"]
[PlyCount "105"]
[EventDate "2018.08.17"]
[EventType "tourn"]
[EventRounds "9"]
[EventCountry "USA"]
[EventCategory "8"]
[SourceTitle "CBM 186 Extra"]
[Source "ChessBase"]
[SourceDate "2018.08.24"]
[SourceVersion "1"]
[SourceVersionDate "2018.08.24"]
[SourceQuality "1"]

1. d4 Nf6 2. Nf3 d5 3. g3 Bg4 4. Bg2 e6 5. 0-0 Nbd7 6. c4 c6 7. Nc3 dxc4 8. h3 Bh5 9. e4 Bb4 10. Qe2 0-0 11. g4 Bg6 12. Ne5 b5 13. f4 Nxe5 14. dxe5 Nd7 15. f5 Nxe5 16. fxg6 hxg6 17. Be3 Nd3 18. Nd1 g5 19. Nf2 Ne5 20. b3 c5 21. Rac1 c3 22. Qxb5 Qb6 23. Qe2 f6 24. Nd1 Qa5 25. Qc2 Rad8 26. Nxc3 Rd3 27. Nd1 Rfd8 28. Qe2 c4 29. Rc2 Bc5 30. Bxc5 Qxc5+ 31. Nf2 c3 32. Rfc1 Re3 33. Qf1 Nc6 34. Qc4 Qxc4 35. bxc4 Nd4 36. Rd1 e5 37. Bf1 Rb8 38. Rcc1 c2 39. Rxd4 exd4 40. Rxc2 Rb1 41. Kg2 Ree1 42. Bd3 Rec1 43. Rd2 Rb8 44. Be2 Rd8 45. Bd1 Kf8 46. Bb3 Ke7 47. Nd3 Rc3 48. Nb4 Kf8 49. Nd5 Rc1 50. Rxd4 a5 51. Kf2 Ra8 52. Nb6 Ra6 53. c5 1-0

[Event "Berkeley Summer GM"]
[Site "Berkeley"]
[Date "2018.08.19"]
[Round "4"]
[White "Yoo, Christopher Woojin"]
[Black "Yap, Kim Steven"]
[Result "1-0"]
[WhiteElo "2378"]
[BlackElo "2366"]
[PlyCount "69"]
[EventDate "2018.08.17"]
[EventType "tourn"]
[EventRounds "9"]
[EventCountry "USA"]
[EventCategory "8"]
[SourceTitle "CBM 186 Extra"]
[Source "ChessBase"]
[SourceDate "2018.08.24"]
[SourceVersion "1"]
[SourceVersionDate "2018.08.24"]
[SourceQuality "1"]

1. e4 c5 2. Nf3 e6 3. d4 cxd4 4. Nxd4 a6 5. Nc3 Qc7 6. Bd3 Nf6 7. 0-0 Nc6 8. Nxc6 dxc6 9. f4 e5 10. f5 b5 11. Qf3 Bb7 12. Be3 Be7 13. a4 0-0 14. g4 h6 15. h4 Nh7 16. Qg3 Qd8 17. Bf2 Bf6 18. axb5 axb5 19. Rxa8 Qxa8 20. Kh2 g5 21. fxg6 fxg6 22. Be3 Bg7 23. g5 h5 24. Rd1 Bc8 25. Be2 Be6 26. Bc5 Rf4 27. Rd6 Nf8 28. Be3 Rf7 29. Bc5 Bd7 30. Rf6 Bxf6 31. gxf6 Rxf6 32. Qxe5 Nh7 33. Qg3 Qa1 34. e5 Rf7 35. e6 1-0

[Event "Berkeley Summer IM"]
[Site "Berkeley"]
[Date "2018.08.15"]
[Round "9"]
[White "Ezra, Paul Chambers"]
[Black "Yap, Kim Steven"]
[Result "0-1"]
[WhiteElo "2233"]
[BlackElo "2366"]
[PlyCount "46"]
[EventDate "2018.08.11"]
[EventType "tourn"]
[EventRounds "9"]
[EventCountry "USA"]
[EventCategory "2"]
[SourceTitle "CBM 186 Extra"]
[Source "ChessBase"]
[SourceDate "2018.08.24"]
[SourceVersion "1"]
[SourceVersionDate "2018.08.24"]
[SourceQuality "1"]

1. d4 Nf6 2. c4 g6 3. Nc3 d5 4. cxd5 Nxd5 5. e4 Nxc3 6. bxc3 Bg7 7. Bc4 0-0 8. Ne2 c5 9. 0-0 Nc6 10. Be3 b6 11. Rc1 Bb7 12. f3 Qc7 13. h4 Rad8 14. h5 Ne5 15. Bb3 Ba6 16. Qc2 Nd3 17. Rcd1 cxd4 18. Bxd4 Bxd4+ 19. Nxd4 Nf4 20. hxg6 hxg6 21. e5 Bxf1 22. e6 Bc4 23. exf7+ Rxf7 0-1

[Event "Berkeley Summer IM"]
[Site "Berkeley"]
[Date "2018.08.13"]
[Round "4"]
[White "Allicock, Rawle Anthony"]
[Black "Yap, Kim Steven"]
[Result "0-1"]
[WhiteElo "2236"]
[BlackElo "2366"]
[PlyCount "82"]
[EventDate "2018.08.11"]
[EventType "tourn"]
[EventRounds "9"]
[EventCountry "USA"]
[EventCategory "2"]
[SourceTitle "CBM 186 Extra"]
[Source "ChessBase"]
[SourceDate "2018.08.24"]
[SourceVersion "1"]
[SourceVersionDate "2018.08.24"]
[SourceQuality "1"]

1. d4 Nf6 2. c4 g6 3. g3 Bg7 4. Bg2 0-0 5. Nc3 c5 6. d5 d6 7. Nf3 a6 8. 0-0 b5 9. cxb5 axb5 10. Nxb5 Ba6 11. Nc3 Nbd7 12. Qc2 Qa5 13. Rd1 Rfb8 14. e4 Ng4 15. Bg5 Rxb2 16. Qxb2 Bxc3 17. Qc2 Bxa1 18. Rxa1 f6 19. Bd2 Qa3 20. Ne1 Bb5 21. Bc3 Nge5 22. f4 Nc4 23. Bh3 Ndb6 24. Be6+ Kg7 25. Rb1 Na4 26. Rb3 Nxc3 27. Rxa3 Rxa3 28. g4 Nxa2 29. g5 Nb4 30. Qf2 fxg5 31. fxg5 Ne5 32. Qh4 Ra8 33. Qh6+ Kh8 34. h4 Nbd3 35. Ng2 Nf3+ 36. Kf1 Nf4+ 37. Kf2 Nxe6 38. dxe6 Ne5 39. Ne3 Kg8 40. Ke1 Ra1+ 41. Kd2 Nc4+ 0-1

[Event "Berkeley Summer IM"]
[Site "Berkeley"]
[Date "2018.08.13"]
[Round "5"]
[White "Yap, Kim Steven"]
[Black "Rohan, Ahuja"]
[Result "1-0"]
[WhiteElo "2366"]
[BlackElo "2387"]
[PlyCount "139"]
[EventDate "2018.08.11"]
[EventType "tourn"]
[EventRounds "9"]
[EventCountry "USA"]
[EventCategory "2"]
[SourceTitle "CBM 186 Extra"]
[Source "ChessBase"]
[SourceDate "2018.08.24"]
[SourceVersion "1"]
[SourceVersionDate "2018.08.24"]
[SourceQuality "1"]

1. d4 Nf6 2. c4 g6 3. g3 Bg7 4. Bg2 d5 5. cxd5 Nxd5 6. e4 Nb6 7. Ne2 c5 8. d5 0-0 9. Nbc3 e6 10. 0-0 Na6 11. a3 exd5 12. Nxd5 Nxd5 13. exd5 Bf5 14. Qb3 Qc8 15. Qc4 Qd7 16. Nc3 Rab8 17. Re1 b5 18. Qh4 Rfe8 19. Bf4 Rbc8 20. d6 h6 21. Bxh6 Bxh6 22. Qxh6 Qxd6 23. Nxb5 Qb6 24. Bf1 Nc7 25. Nxc7 Qxc7 26. Qd2 Kg7 27. Qc3+ f6 28. Rac1 Rxe1 29. Rxe1 Rb8 30. h3 Qd6 31. g4 Bd7 32. Bg2 g5 33. Re2 Qd1+ 34. Bf1 Bb5 35. Re7+ Kg6 36. Re1 Qd6 37. Qc2+ Kg7 38. Rd1 Qe7 39. Qf5 Be8 40. Rd2 Rb7 41. Re2 Qf7 42. Qxc5 Bb5 43. Re3 Bxf1 44. Kxf1 Rc7 45. Qd4 Rc1+ 46. Kg2 Rc4 47. Qd6 Qb7+ 48. Kg3 Re4 49. Rxe4 Qxe4 50. Qd7+ Kh6 51. Qxa7 Qe5+ 52. Kg2 Qxb2 53. Qa8 Kg7 54. a4 f5 55. Qd5 fxg4 56. Qxg5+ Kf7 57. Qf5+ Ke7 58. hxg4 Qb7+ 59. Kg3 Qh1 60. a5 Qg1+ 61. Kh4 Qh1+ 62. Kg5 Qc1+ 63. f4 Qc6 64. Qh7+ Kd8 65. Qg8+ Kc7 66. Qf7+ Kc8 67. Qf8+ Kd7 68. Qf6 Qc4 69. a6 Qg8+ 70. Kh6 1-0

[Event "Berkeley Summer IM"]
[Site "Berkeley"]
[Date "2018.08.12"]
[Round "2"]
[White "Ke, Ivan"]
[Black "Yap, Kim Steven"]
[Result "0-1"]
[WhiteElo "2238"]
[BlackElo "2366"]
[PlyCount "85"]
[EventDate "2018.08.11"]
[EventType "tourn"]
[EventRounds "9"]
[EventCountry "USA"]
[EventCategory "2"]
[SourceTitle "CBM 186 Extra"]
[Source "ChessBase"]
[SourceDate "2018.08.24"]
[SourceVersion "1"]
[SourceVersionDate "2018.08.24"]
[SourceQuality "1"]

1. d4 Nf6 2. c4 g6 3. Nf3 Bg7 4. g3 0-0 5. Bg2 c6 6. 0-0 d5 7. cxd5 cxd5 8. Ne5 Nc6 9. Nc3 e6 10. Bf4 Bd7 11. Qd2 Qb6 12. Rfd1 Na5 13. b3 Rfc8 14. Rac1 Be8 15. Rc2 Nd7 16. e4 Nxe5 17. dxe5 d4 18. Qxd4 Qxd4 19. Rxd4 Nc6 20. Rdd2 Nxe5 21. a4 a6 22. Ne2 Rxc2 23. Rxc2 b5 24. a5 Rd8 25. Bd2 Nc6 26. Bf1 Bf8 27. Kg2 e5 28. Bg5 Rd6 29. Nc3 f6 30. Be3 Nxa5 31. b4 Nb3 32. Nd5 Bc6 33. Rc3 Nd4 34. Ra3 Nc2 35. Rc3 Nxe3+ 36. fxe3 f5 37. Kf2 Bxd5 38. exd5 Rxd5 39. Rc6 Rd6 40. Rc8 Kf7 41. Rc7+ Kf6 42. Ra7 h5 43. Be2 0-1

[Event "Berkeley Summer IM"]
[Site "Berkeley"]
[Date "2018.08.12"]
[Round "3"]
[White "Yap, Kim Steven"]
[Black "Virtanen, Teemu"]
[Result "1/2-1/2"]
[WhiteElo "2366"]
[BlackElo "2309"]
[PlyCount "146"]
[EventDate "2018.08.11"]
[EventType "tourn"]
[EventRounds "9"]
[EventCountry "USA"]
[EventCategory "2"]
[SourceTitle "CBM 186 Extra"]
[Source "ChessBase"]
[SourceDate "2018.08.24"]
[SourceVersion "1"]
[SourceVersionDate "2018.08.24"]
[SourceQuality "1"]

1. e4 c5 2. Nf3 e6 3. d4 cxd4 4. Nxd4 a6 5. Bd3 Bc5 6. c3 Nc6 7. Nb3 Be7 8. Be3 Nf6 9. N1d2 0-0 10. Qc2 h6 11. 0-0 d5 12. Nf3 Qc7 13. Rfe1 b6 14. Nbd4 dxe4 15. Bxe4 Bb7 16. Nxc6 Bxc6 17. Bxc6 Qxc6 18. Ne5 Qc7 19. Bd4 Rfd8 20. Qe2 Bc5 21. Bxc5 Qxc5 22. a4 b5 23. g3 Qd5 24. Red1 Qb3 25. axb5 axb5 26. Rxa8 Rxa8 27. Rd4 Nd5 28. Kg2 Ra2 29. Rd2 Qa4 30. Qf3 Qa7 31. Nd3 Qc7 32. h4 Ra1 33. Rd1 Ra2 34. Qe4 Qc4 35. Qf3 Qc7 36. Kg1 Qa7 37. Rc1 Ra4 38. Re1 Ra2 39. Kg2 Ra4 40. Re4 Ra1 41. Rd4 Qb7 42. Qe4 Kh8 43. Kh2 Qb6 44. Kg2 Rd1 45. Qf3 Qb7 46. Kh2 Rb1 47. b3 Qa7 48. Nb4 Rxb3 49. Nxd5 Qxd4 50. Ne7 Qd8 51. Qxf7 Rxc3 52. Ng6+ Kh7 53. Nf8+ Kh8 54. Ng6+ Kh7 55. Nf8+ Kh8 56. Nxe6 Qg8 57. Qf5 Rc6 58. Nf4 Qe8 59. Qxb5 Qe4 60. h5 Rc1 61. Kh3 Kh7 62. f3 Qc2 63. Qe5 Qc8+ 64. Ne6 Qc3 65. Qf5+ Kg8 66. Qf8+ Kh7 67. Qe8 Re1 68. Qg6+ Kg8 69. Qe8+ Kh7 70. Qg6+ Kg8 71. Qe8+ Kh7 72. Nf8+ Kg8 73. Ne6+ Kh7 1/2-1/2

[Event "New York Int op 11th"]
[Site "New York"]
[Date "2018.06.16"]
[Round "6"]
[White "Huston, Gus"]
[Black "Yap, Kim Steven"]
[Result "0-1"]
[WhiteElo "2076"]
[BlackElo "2363"]
[PlyCount "244"]
[EventDate "2018.06.13"]
[EventType "swiss"]
[EventRounds "9"]
[EventCountry "USA"]
[SourceTitle "CBM 185 Extra"]
[Source "ChessBase"]
[SourceDate "2018.07.29"]
[SourceVersion "1"]
[SourceVersionDate "2018.07.29"]
[SourceQuality "1"]

1. e4 g6 2. d4 Bg7 3. Nf3 d6 4. Bc4 Nf6 5. Qe2 0-0 6. e5 Ne8 7. h3 c5 8. dxc5 dxe5 9. Nxe5 Qd4 10. Nf3 Qxc5 11. 0-0 Nd6 12. Bb3 Nf5 13. Rd1 Nc6 14. c3 Na5 15. Ng5 Nxb3 16. axb3 Qc6 17. Na3 h6 18. Nf3 Be6 19. Nc4 Qb5 20. g4 Nd6 21. Nd4 Bxc4 22. Qxe7 Qb6 23. bxc4 Nxc4 24. Qe2 Rac8 25. Ra4 Qc5 26. Rb4 b6 27. Rb5 Qc7 28. Qf3 a6 29. Rd5 Rfe8 30. Bf4 Qe7 31. b3 Na5 32. c4 Qa3 33. Rd7 Rcd8 34. Bd6 Rxd7 35. Bxa3 Rxd4 36. Rxd4 Bxd4 37. Qd3 Rd8 38. Qf3 Rc8 39. Bb4 Nc6 40. Bc3 Bxc3 41. Qxc3 Re8 42. Qd2 Kg7 43. f4 Re6 44. Kf2 Re4 45. Kf3 Re6 46. Kg3 Ne7 47. Qd4+ Kg8 48. Qd8+ Kg7 49. Qd4+ Kg8 50. Qd8+ Kg7 51. Kf3 Nc6 52. Qd1 Kg8 53. f5 gxf5 54. gxf5 Rf6 55. Ke4 Kh7 56. h4 a5 57. Qd7 Kg7 58. Qc7 Nb4 59. Qe5 Na6 60. Kd3 Nc5+ 61. Kc2 Nb7 62. h5 Nc5 63. Qd4 Nb7 64. Kb2 Nd6 65. Ka2 Nxf5 66. Qe5 Nd6 67. Ka3 Nb7 68. b4 axb4+ 69. Kxb4 Nc5 70. Kb5 Nb7 71. Ka6 Nd6 72. Qc3 b5 73. Ka7 Nxc4 74. Kb8 Nd6 75. Qe5 b4 76. Kc7 Kg8 77. Kd7 Re6 78. Qb2 Ne4 79. Qxb4 Nf6+ 80. Kc8 Nxh5 81. Qg4+ Ng7 82. Kd7 h5 83. Qg5 Re4 84. Qd8+ Re8 85. Qg5 Re6 86. Qh4 Rd6+ 87. Kc7 Rd4 88. Qg5 Rg4 89. Qd8+ Kh7 90. Qd3+ f5 91. Kd7 Re4 92. Qg3 h4 93. Qf3 Kg6 94. Qg2+ Kh6 95. Qf3 Kg6 96. Qg2+ Kf7 97. Qf3 Rd4+ 98. Kc6 Kg6 99. Qe3 Re4 100. Qg1+ Rg4 101. Qe3 Re4 102. Qg1+ Kf6 103. Qa1+ Kg6 104. Qg1+ Rg4 105. Qe3 Rg3 106. Qf4 Rc3+ 107. Kd6 h3 108. Ke7 Rd3 109. Qh4 Re3+ 110. Kd7 Ne6 111. Kd6 Ng5 112. Kd7 Re4 113. Qh8 f4 114. Kc6 f3 115. Kd5 f2 116. Qg8+ Kh5 117. Qh8+ Kg4 118. Qc8+ Kg3 119. Qc7+ Kg2 120. Qc1 f1Q 121. Qxg5+ Kh1 122. Qd2 Qc4+ 0-1

[Event "New York Int op 11th"]
[Site "New York"]
[Date "2018.06.16"]
[Round "7"]
[White "Yap, Kim Steven"]
[Black "Brodsky, David"]
[Result "0-1"]
[WhiteElo "2363"]
[BlackElo "2406"]
[PlyCount "97"]
[EventDate "2018.06.13"]
[EventType "swiss"]
[EventRounds "9"]
[EventCountry "USA"]
[SourceTitle "CBM 185 Extra"]
[Source "ChessBase"]
[SourceDate "2018.07.29"]
[SourceVersion "1"]
[SourceVersionDate "2018.07.29"]
[SourceQuality "1"]

1. a3 d5 2. g3 g6 3. Bg2 Bg7 4. Nf3 e5 5. d3 Ne7 6. 0-0 0-0 7. e4 h6 8. Nc3 Be6 9. exd5 Nxd5 10. Bd2 Nc6 11. Re1 Re8 12. Nxd5 Bxd5 13. Bc3 Qd6 14. Nd2 Bxg2 15. Kxg2 Nd4 16. Bxd4 Qxd4 17. Rb1 f5 18. Nb3 Qd6 19. Qf3 c6 20. Re2 a5 21. Nd2 a4 22. g4 Qd5 23. gxf5 gxf5 24. Kh3 Qxf3+ 25. Nxf3 e4 26. dxe4 Rxe4 27. Rd2 Rae8 28. Nh4 Re2 29. Rxe2 Rxe2 30. Nxf5 Bf8 31. Kg3 Rxc2 32. Kf3 Kf7 33. Ne3 Rd2 34. Nc4 Rd5 35. Ke4 Bg7 36. Rc1 Ke6 37. Rc2 Rd4+ 38. Ke3 c5 39. Nd2 Kd5 40. f3 c4 41. Kf2 b5 42. Ne4 Rd1 43. Ke3 Rd3+ 44. Kf4 Rb3 45. Rd2+ Kc6 46. Kf5 Bxb2 47. Rd6+ Kc7 48. Ke6 Bxa3 49. Rd7+ 0-1

[Event "New York Int op 11th"]
[Site "New York"]
[Date "2018.06.14"]
[Round "2"]
[White "Yap, Kim Steven"]
[Black "Mikhalevski, Victor"]
[Result "1/2-1/2"]
[WhiteElo "2363"]
[BlackElo "2581"]
[PlyCount "91"]
[EventDate "2018.06.13"]
[EventType "swiss"]
[EventRounds "9"]
[EventCountry "USA"]
[SourceTitle "CBM 185 Extra"]
[Source "ChessBase"]
[SourceDate "2018.07.29"]
[SourceVersion "1"]
[SourceVersionDate "2018.07.29"]
[SourceQuality "1"]

1. e4 c5 2. b3 g6 3. Bb2 Nf6 4. e5 Nd5 5. Qf3 Nb4 6. Na3 Bg7 7. 0-0-0 N4c6 8. Qe3 0-0 9. Nf3 d6 10. exd6 Qxd6 11. Bxg7 Kxg7 12. Qc3+ Qf6 13. Qxf6+ Kxf6 14. Nb5 Na6 15. Nc3 b6 16. Bxa6 Bxa6 17. Nd5+ Kg7 18. Rhe1 Bb7 19. Nxe7 Nd4 20. Nxd4 cxd4 21. f3 Rfd8 22. c4 dxc3 23. dxc3 Kf8 24. c4 Rxd1+ 25. Kxd1 Re8 26. Nd5 Rxe1+ 27. Kxe1 Bxd5 28. cxd5 Ke7 29. Kd2 Kd6 30. Kd3 Kxd5 31. f4 f5 32. g3 Kc5 33. Kc3 h6 34. h3 a5 35. a4 Kd5 36. Kd3 Kc5 37. Kc3 b5 38. axb5 Kxb5 39. Kd3 Kc5 40. Kc3 Kb5 41. Kd3 Kb4 42. Kc2 g5 43. h4 gxf4 44. gxf4 h5 45. Kb2 Kc5 46. Kc3 1/2-1/2

[Event "Bacolod Negros op"]
[Site "Bacolod"]
[Date "2017.10.14"]
[Round "4"]
[White "Short, Nigel D"]
[Black "Yap, Kim Steven"]
[Result "1-0"]
[WhiteElo "2698"]
[BlackElo "2361"]
[PlyCount "77"]
[EventDate "2017.10.11"]
[EventType "swiss"]
[EventRounds "9"]
[EventCountry "PHI"]
[SourceTitle "CBM 181 Extra"]
[Source "ChessBase"]
[SourceDate "2017.12.12"]
[SourceVersion "1"]
[SourceVersionDate "2017.12.12"]
[SourceQuality "1"]

1. d4 Nf6 2. Nf3 g6 3. Bg5 Bg7 4. c3 0-0 5. Nbd2 h6 6. Bh4 d6 7. e4 Nc6 8. Be2 Nh5 9. d5 Nb8 10. 0-0 Nd7 11. Re1 a6 12. Nd4 Nf4 13. Bf1 Ne5 14. N2b3 c5 15. dxc6 bxc6 16. Bg3 g5 17. Qd2 Nfg6 18. Nf5 Rb8 19. Nxg7 Kxg7 20. Nd4 e6 21. b4 c5 22. Nb3 cxb4 23. cxb4 Qb6 24. a3 Bd7 25. Kh1 Rfc8 26. f3 Ba4 27. Bf2 Qd8 28. Nd4 Nc4 29. Qa2 d5 30. Rac1 Nb6 31. Bxa6 Rxc1 32. Rxc1 dxe4 33. fxe4 Qf6 34. Rf1 Qe5 35. Bg3 Nf4 36. Ne2 Qxe4 37. Nxf4 gxf4 38. Rxf4 Qg6 39. Qa1+ 1-0

[Event "Dubai op 19th"]
[Site "Dubai"]
[Date "2017.04.04"]
[Round "2"]
[White "Yap, Kim Steven"]
[Black "Iturrizaga Bonelli, Eduardo"]
[Result "0-1"]
[WhiteElo "2379"]
[BlackElo "2671"]
[PlyCount "60"]
[EventDate "2017.04.03"]
[EventType "swiss"]
[EventRounds "9"]
[EventCountry "UAE"]
[SourceTitle "CBM 177 Extra"]
[Source "ChessBase"]
[SourceDate "2017.04.27"]
[SourceVersion "1"]
[SourceVersionDate "2017.04.27"]
[SourceQuality "1"]

1. e4 c5 2. b3 g6 3. Bb2 Nf6 4. e5 Nd5 5. Qf3 Nc7 6. h4 Ne6 7. h5 g5 8. h6 Nc6 9. Bc4 Qc7 10. Bxe6 dxe6 11. Ne2 b6 12. Na3 Bb7 13. Qe3 Rg8 14. 0-0-0 Nb4 15. Kb1 Bxg2 16. Rh2 Qc6 17. d4 Rd8 18. Rg1 Bf3 19. dxc5 bxc5 20. Nc3 g4 21. Nc4 Nd5 22. Nxd5 exd5 23. Nd2 d4 24. Qd3 Bd5 25. Rh4 Bxh6 26. Bc1 Bxd2 27. Qxd2 Be4 28. Rgxg4 Rxg4 29. Rxg4 Bg6 30. Qa5 c4 0-1

[Event "Ho Chi Minh City HD Bank op 5th"]
[Site "Ho Chi Minh City"]
[Date "2015.03.19"]
[Round "4"]
[White "Yap, Kim Steven"]
[Black "Barbosa, Oliver"]
[Result "1/2-1/2"]
[WhiteElo "2389"]
[BlackElo "2501"]
[PlyCount "27"]
[EventDate "2015.03.17"]
[EventType "swiss"]
[EventRounds "9"]
[EventCountry "VIE"]
[SourceTitle "CBM 165 Extra"]
[Source "ChessBase"]
[SourceDate "2015.04.21"]
[SourceVersion "1"]
[SourceVersionDate "2015.04.21"]
[SourceQuality "1"]

1. e4 c6 2. d4 d5 3. exd5 cxd5 4. Bd3 Nc6 5. c3 Nf6 6. h3 g6 7. Nf3 Bf5 8. Bxf5 gxf5 9. Bf4 e6 10. Qe2 Rg8 11. 0-0 Ne4 12. Nbd2 Bd6 13. Bxd6 Qxd6 14. Ne5 1/2-1/2

[Event "Australian op"]
[Site "Sydney"]
[Date "2015.01.11"]
[Round "11"]
[White "Illingworth, Max"]
[Black "Yap, Kim Steven"]
[Result "1-0"]
[WhiteElo "2476"]
[BlackElo "2416"]
[PlyCount "56"]
[EventDate "2015.01.02"]
[EventType "swiss"]
[EventRounds "11"]
[EventCountry "AUS"]
[SourceTitle "CBM 164 Extra"]
[Source "ChessBase"]
[SourceDate "2015.03.02"]
[SourceVersion "1"]
[SourceVersionDate "2015.03.02"]
[SourceQuality "1"]

1. d4 Nf6 2. Bg5 d5 3. e3 e6 4. c4 c6 5. Nc3 Be7 6. Nf3 Nbd7 7. Qc2 0-0 8. Rd1 Re8 9. a3 h6 10. Bf4 Qa5 11. Bd3 dxc4 12. Bxc4 Nd5 13. 0-0 Nxf4 14. exf4 Nb6 15. Ba2 Nd5 16. Bb1 g6 17. Ne5 Bf6 18. Nxg6 Bg7 19. Nxd5 Qxd5 20. Ne5 Qd8 21. Rd3 f5 22. Qe2 Qh4 23. g3 Qf6 24. Re1 Rd8 25. Ba2 Rd6 26. b4 a5 27. Nc4 Rxd4 28. Nb6 Re4 1-0

[Event "Quezon City Puregold op"]
[Site "Quezon City"]
[Date "2014.12.16"]
[Round "4"]
[White "Nebato, Sheider"]
[Black "Yap, Kim Steven"]
[Result "1/2-1/2"]
[WhiteElo "2252"]
[BlackElo "2416"]
[PlyCount "110"]
[EventDate "2014.12.14"]
[EventType "swiss"]
[EventRounds "9"]
[EventCountry "PHI"]
[SourceTitle "EXT 2016"]
[Source "ChessBase"]
[SourceDate "2015.10.08"]
[SourceVersion "1"]
[SourceVersionDate "2015.10.08"]
[SourceQuality "1"]

1. d4 Nf6 2. c4 g6 3. Nc3 d5 4. Bg5 Bg7 5. e3 c6 6. Bxf6 Bxf6 7. cxd5 cxd5 8. Qb3 e6 9. Nf3 Nc6 10. h4 h5 11. Bd3 Bd7 12. g3 Rc8 13. Rc1 Na5 14. Qc2 b5 15. Qb1 Nc4 16. b3 Nd6 17. Ne2 Qa5+ 18. Kf1 Rxc1+ 19. Nxc1 Bc6 20. Ne2 Ne4 21. Kg2 0-0 22. Rc1 Bb7 23. Rc2 Be7 24. Ne5 Bd6 25. b4 Qd8 26. f4 a6 27. Nc6 Qf6 28. Bxe4 dxe4 29. a3 Qf5 30. Na5 Bd5 31. Nc3 Rc8 32. Nxd5 exd5 33. Nb7 Be7 34. Nc5 Qg4 35. Kh2 g5 36. hxg5 h4 37. Rg2 Kg7 38. gxh4 Qxh4+ 39. Kg1 Rh8 40. Qf1 Qh3 41. Qe1 a5 42. Qg3 Qh1+ 43. Kf2 Qd1 44. Qg4 Qa1 45. Qe2 Rh1 46. Kg3 Re1 47. Qd2 Rxe3+ 48. Kg4 Qh1 49. Qxe3 Qxg2+ 50. Qg3 Qe2+ 51. Kf5 axb4 52. Qh3 e3 53. Ke5 Qc2 54. f5 Bxg5 55. Qg3 f6+ 1/2-1/2

[Event "Quezon City op"]
[Site "Quezon City"]
[Date "2014.12.10"]
[Round "7"]
[White "Segarra, Randy"]
[Black "Yap, Kim Steven"]
[Result "0-1"]
[WhiteElo "2308"]
[BlackElo "2416"]
[PlyCount "104"]
[EventDate "2014.12.06"]
[EventType "swiss"]
[EventRounds "10"]
[EventCountry "PHI"]
[SourceTitle "CBM 163 Extra"]
[Source "ChessBase"]
[SourceDate "2014.12.23"]
[SourceVersion "1"]
[SourceVersionDate "2014.12.23"]
[SourceQuality "1"]

1. e4 c5 2. Nf3 Nc6 3. g3 Nf6 4. Qe2 e5 5. Bg2 Be7 6. 0-0 0-0 7. c3 Re8 8. d3 Bf8 9. Bg5 h6 10. Bxf6 Qxf6 11. c4 d6 12. Nc3 Qd8 13. Qd2 g6 14. Nd5 Rb8 15. Rab1 b5 16. b3 b4 17. h4 Bg7 18. Ne1 f5 19. exf5 gxf5 20. Nc2 Bd7 21. Qe2 Rf8 22. f4 Qa5 23. fxe5 dxe5 24. Nce3 Qd8 25. Nc2 Kh8 26. Rf2 Qe8 27. Qe3 Qg6 28. Kh1 Rbe8 29. Rbf1 Qd6 30. g4 fxg4 31. Rf6 Rxf6 32. Nxf6 Rf8 33. Ne4 Rxf1+ 34. Bxf1 Qe7 35. Qg3 Nd4 36. Nxd4 exd4 37. Qb8+ Kh7 38. Kg1 Qxh4 39. Qd6 Bf5 40. Qxc5 Bxe4 41. dxe4 Qg3+ 42. Bg2 Qe5 43. Qc8 h5 44. Qd7 d3 45. Qxd3 Qd4+ 46. Qxd4 Bxd4+ 47. Kf1 h4 48. e5 h3 49. Be4+ Kh6 50. e6 Bc5 51. e7 Bxe7 52. Kf2 Kg5 0-1